000
00270nam a2200121 a 4500
008
100917s1967|||| d
245
1
0
_a
Disneyland
100
1
_a
Dygat, Stanislaw
044
_a
xo
_c
SK
041
_a
slo
260
_a
Bratislava
_c
1967
_b
Smena
020
_c
15
999
_c
10471
_d
10471